|
|
|
|
| LEADER |
01641nam a2200337 i 4500 |
| 001 |
10098550 |
| 003 |
GR-PaULI |
| 005 |
20210117211027.0 |
| 008 |
200116s2010 gr a g dgre d |
| 952 |
|
|
|0 0
|1 0
|2 ddc
|4 0
|6 780_150000000000000_BIZ
|7 0
|9 238353
|a THST
|b THST
|d 2020-01-16
|i 015057
|l 0
|o 780.15 BIZ
|p 025000264643
|r 2020-01-16 00:00:00
|t 1
|v 2020.00
|w 2020-01-16
|y BK15
|z Δωρεά Εθνική Λυρική Σκηνή
|
| 999 |
|
|
|c 144005
|d 144005
|
| 020 |
|
|
|a 9789609432153
|
| 040 |
|
|
|a GR-PaULI
|c GR-PaULI
|b gre
|e AACR2
|
| 041 |
0 |
|
|a gre
|a eng
|
| 082 |
0 |
4 |
|a 780.15
|2 23
|
| 100 |
1 |
|
|a Bizet, Georges
|d 1838-1875
|9 108855
|e συνθέτης
|
| 110 |
1 |
|
|9 134108
|a Εθνική Λυρική Σκηνή
|
| 245 |
1 |
0 |
|a Κάρμεν ;
|b Carmen : κωμική όπερα σε τρεις πράξεις /
|c Ζώρζ Μπισέ ; ποιητικό κείμενο Ανρί Μεγιάκ, Λυντοβίκ Αλεβύ.
|
| 246 |
1 |
|
|a Carmen
|
| 260 |
|
|
|a Αθήνα :
|b Εθνική Λυρική Σκηνή,
|c 2010.
|
| 300 |
|
|
|a 57 σ. :
|b φωτ. ;
|c 23 εκ.
|
| 490 |
|
|
|a Εθνική Λυρική Σκήνή : 2010/11 ;
|v 35
|
| 500 |
|
|
|a Θέατρο Ολύμπια Οκτώβριος 2010, Μάιος 2011.
|
| 500 |
|
|
|a Βασισμένο στη νουβέλα του Προσπέρ Μεριμέ.
|
| 546 |
|
|
|a ελληνικά και αγγλικά
|
| 650 |
|
4 |
|a Όπερα
|9 84204
|
| 650 |
|
4 |
|a Όπερες
|x Οδηγοί ανάλυσης
|9 134138
|
| 700 |
1 |
4 |
|9 179412
|a Meilhac, Henri,
|d 1831-1897.
|e λιμπρετίστας
|
| 700 |
1 |
4 |
|9 179413
|a Halevy, Ludovic,
|d 1834-1908.
|e λιμπρετίστας
|
| 942 |
|
|
|2 ddc
|c BK15
|
| 998 |
|
|
|c ΜΑΝΙΑ
|d 2020-01
|